000 00479nam a2200145Ia 4500
003 GCL
005 20240530105326.0
008 140319s9999 xx 000 0 ara d
040 _aGCL /
_cGCL
082 0 4 _a615.83
_bم ا
100 _aمحمد احمد محمود جمعة
245 1 0 _aاساسيات الفيزياء الطبية واجهزتها
_cمحمد احمد محمود جمعة
260 _a[S.N] :
_bدار الراتب الجامعية ،
_c1985
942 _2ddc
_cBK
999 _c54941
_d54941